000
00326 a2200157 4500
001
188694
020
_a
958-04-6292-5
040
_c
Magnum
100
_a
Grimm, Wilhelm
240
1
0
_a
El rey sapo
_l
ESP
245
1
0
_a
El rey sapo
300
_a
12
362
0
_a
2002
697
_a
LITERATURA INFANTIL ESPANHOLA
942
_c
BK
999
_c
188694
_d
188694